| 000 | 00506nam a22001937a 4500 | ||
|---|---|---|---|
| 003 | MPLRDC | ||
| 005 | 20220104154954.0 | ||
| 008 | 210129b ||||| |||| 00| 0 eng d | ||
| 020 | _a7-5332-4069-X | ||
| 082 | _a859.6 GWJG v.05 | ||
| 100 | _aMARCELLE VERITE | ||
| 245 |
_a小河马泡泡 _c殷芹译 |
||
| 250 | _a一版一刷 | ||
| 260 |
_a中国 _b上海人民美术出版社 _c2004 |
||
| 300 | _b平 | ||
| 490 | _a给我讲故事系列; 5 | ||
| 650 | _a儿童故事 | ||
| 942 |
_cBK _o859.6 GWJG v.05 |
||
| 999 |
_c54253 _d54243 |
||